<The> Britain of to-morrow

Saved in:
Bibliographic Details
Format: Book
Language:English
Published: London Alliance Press [1948]
Tags: Add Tag
No Tags, Be the first to tag this record!

MARC

LEADER 00000nam a2200000 4500
001 0268140
005 20240822101711.3
041 0 |a eng 
044 |a GB 
245 1 0 |a <The> Britain of to-morrow  |c Irvine Magnus 
264 1 |a London  |b Alliance Press  |c [1948]